00159nam a22000857a 4500100002100000245002000021250000900041260001500050300000800065 aNurberg, Maxwell aAll About Words a2000 bGoyal Pub. a416